000 01282cam a2200301 a 4500
001 1879041
003 0
005 20170105113126.0
008 831006s1984 cou b 000 0 eng
010 _a 83021769
020 _a0865317305 (pbk.) :
_c$15.00 (est.)
020 _a0865317291 :
_c$25.00 (est.)
040 _aDLC
_cDLC
_dDLC
_dOCoLC
_dDLC
050 0 0 _aUB210
_b.M553 1984
082 0 0 _a355.33041,WAK
_219
245 0 0 _aMilitary leadership
_bin pursuit of excellence
_cedited by Robert L. Taylor and William E. Rosenbach ; with a foreword by Malham M. Wakin.
260 _aBoulder, Colo. :
_bWestview Press,
_c1984.
300 _axiv, 253 p. ;
_c23 cm.
504 _aI
505 _aPART-1: The Concept of Leadership (page-1) PART-2: The Dilemma of Leadership and Management (page-75) PART-3: Leadership in Transition (page-129) PART-4: Military Leadership Challenge and Opportunity (page-211)
538 _i Almirah No. 54 Shelf No. 2
650 0 _aLeadership.
700 1 _aTaylor, Robert L.
_q(Robert Lewis),
_d1939-
700 1 _aRosenbach, William E.
856 4 2 _3Contributor biographical information
_uhttp://www.loc.gov/catdir/enhancements/fy0832/83021769-b.html
906 _a7
_bcbc
_corignew
_d1
_eocip
_f19
_gy-gencatlg
942 _2ddc
_cBK
_k355.33041,WAK
999 _c34144
_d34144